Process systems analysis and control (Record no. 13575)

000 -LEADER
fixed length control field 00578nam a22002051 4500
001 - CONTROL NUMBER
control field 13575
003 - CONTROL NUMBER IDENTIFIER
control field BD-DhUET
008 - FIXED-LENGTH DATA ELEMENTS--GENERAL INFORMATION
fixed length control field 730306s1965 nyua b 000 0 eng
040 ## - CATALOGING SOURCE
Original cataloging agency DLC
Transcribing agency DLC
Modifying agency BD-DhUET
082 ## - DEWEY DECIMAL CLASSIFICATION NUMBER
Classification number 660.284
Item number COU/1965
100 1# - MAIN ENTRY--PERSONAL NAME
Personal name Coughanowr, Donald R.
245 10 - TITLE STATEMENT
Title Process systems analysis and control
250 ## - EDITION STATEMENT
Edition statement 1st ed.
260 ## - PUBLICATION, DISTRIBUTION, ETC. (IMPRINT)
Place of publication, distribution, etc. New York
Name of publisher, distributor, etc. McGraw-Hill
Date of publication, distribution, etc. 1965
300 ## - PHYSICAL DESCRIPTION
Extent xii, 491 p.
Other physical details ill.
Dimensions 21 cm.
490 ## - SERIES STATEMENT
Series statement McGraw-Hill chemical engineering series
650 #0 - SUBJECT ADDED ENTRY--TOPICAL TERM
Topical term or geographic name as entry element Control devices process engineering
700 ## - ADDED ENTRY--PERSONAL NAME
Personal name Koppel, Lowell B.
942 ## - ADDED ENTRY ELEMENTS (KOHA)
Koha item type General Book
Holdings
Sublocation or collection (holding branch) Price effective from Koha normalized classification for sorting Date acquired Not for loan Lost status Damaged status Withdrawn status Copy number Koha date last seen Koha issues (times borrowed) Piece designation (barcode) Koha item type Shelving location Koha date last borrowed Koha full call number Source of classification or shelving scheme Location (home branch)
Central Library, BUET2015-03-03660_284000000000000_COU_19652015-03-03    12015-03-03 29699General BookCirculation section 660.284/COU/1965 Central Library, BUET
Central Library, BUET2015-03-03660_284000000000000_COU_19652015-03-03    22017-05-09129689General BookCirculation section2017-05-09660.284/COU/1965 Central Library, BUET
Central Library, BUET2015-03-03660_284000000000000_COU_19652015-03-03    32015-03-03 29697General BookCirculation section 660.284/COU/1965 Central Library, BUET
Central Library, BUET2015-03-03660_284000000000000_COU_19652015-03-03    42015-03-03 29692General BookCirculation section 660.284/COU/1965 Central Library, BUET
Central Library, BUET2015-03-03660_284000000000000_COU_19652015-03-03    52015-03-03 29698General BookCirculation section 660.284/COU/1965 Central Library, BUET
Central Library, BUET2015-03-03660_284000000000000_COU_19652015-03-03    62015-03-03 29690General BookCirculation section 660.284/COU/1965 Central Library, BUET
Central Library, BUET2015-03-03660_284000000000000_COU_19652015-03-03    72015-03-03 29688General BookCataloging to Circulation 660.284/COU/1965 Central Library, BUET
Central Library, BUET2015-03-04660_284000000000000_COU_19652015-03-04    82015-03-04 34519General BookCirculation section 660.284/COU/1965 Central Library, BUET
Central Library, BUET2015-05-11660_284000000000000_COU_19652015-05-11    92015-05-11 29694General BookCirculation section 660.284/COU/1965 Central Library, BUET
Central Library, BUET2015-05-11660_284000000000000_COU_19652015-05-11    102015-05-11 29696General BookCirculation section 660.284/COU/1965 Central Library, BUET
Central Library, BUET2015-05-13660_284000000000000_COU_19652015-05-13    112015-05-13 29695General BookCirculation section 660.284/COU/1965 Central Library, BUET
Central Library, BUET2015-05-14660_284000000000000_COU_19652015-05-14    122015-05-14 17869General BookCirculation section 660.284/COU/1965 Central Library, BUET
Central Library, BUET2015-05-18660_284000000000000_COU_19652015-05-18    132015-05-18 15822General BookCirculation section 660.284/COU/1965 Central Library, BUET
Central Library, BUET2015-06-20660_284000000000000_COU_19652015-06-20    142015-06-20 29700General BookReading section 660.284/COU/1965 Central Library, BUET
Central Library, BUET2015-06-20660_284000000000000_COU_19652015-06-20    152015-06-20 29701General BookReading section 660.284/COU/1965 Central Library, BUET
Central Library, BUET2015-07-10660_284000000000000_COU_19652015-07-10    162015-07-10 16716General BookCirculation section 660.284/COU/1965 Central Library, BUET